| 000 | 01119nac a22002651i 4500 | ||
|---|---|---|---|
| 003 | EG-ScBUE | ||
| 005 | 20240815100713.0 | ||
| 008 | 121017s2002 le f b 000 0dara d | ||
| 040 |
_aEG-ScBUE _bara _erda _cEG-ScBUE _dEG-ScBUE |
||
| 043 | _af-ua--- | ||
| 082 | 0 | 4 |
_a962.053 _bأ ن ص _222 |
| 100 | 1 |
_aأنصاري، محمد جابر، _d1939- _eمؤلف. |
|
| 245 | 1 | 2 |
_aالناصرية بمنظور نقدي : _bأي دروس للمستقبل؟ : تجربة فكر : عبر نصف قرن / _cد. محمد جابر الأنصاري. |
| 250 | _aالطبعة الأولى. | ||
| 264 | 1 |
_aبيروت : _bالمؤسسة العربية للدراسات والنشر، _c2002. |
|
| 300 |
_a188 صفحة ؛ _c24 سم |
||
| 336 |
_2rdacontent _aنص _btxt |
||
| 337 |
_aبدون وسيط _2rdamedia _bn |
||
| 338 |
_aمجلد _bnc _2rdacarrier |
||
| 504 | _aيشتمل عى إرجاعات ببليوجرافية. | ||
| 600 | 1 | 7 |
_2BUEsh _aعبد الناصر، جمال، _d1918-1970. |
| 651 | 7 |
_aمصر _xتاريخ _yجمال عبد الناصر (1954-1970). _2BUEsh _927900 |
|
| 655 | _vReading book | ||
| 942 |
_cBB _2ddc |
||
| 999 |
_c7871 _d7871 |
||